000 00872pam a2200265 a 4500
001 4942204
005 20241215111102.0
008 960416s1997 mdua 001 0 eng c
020 _a0683061992
020 _a9780683061994
050 0 0 _aQM31
_b.A67 1997
082 0 0 _a611/.002/02
_220
100 1 _aApril, Ernest W.
245 1 0 _aClinical anatomy /
_cErnest W. April ; illustrated by Anne Erickson, Salvatore Montano.
250 _a3rd ed.
260 _aBaltimore :
_bWilliams & Wilkins,
_cc1997.
300 _axv, 672 p. :
_bill. ;
_c25 cm.
440 4 _aThe National medical series for independent study
500 _aIncludes index.
650 0 _aHuman anatomy
_xOutlines, syllabi, etc.
650 0 _aHuman anatomy
_xExaminations, questions, etc.
650 1 2 _aAnatomy
_xoutlines.
650 2 2 _aAnatomy
_xexamination questions.
942 _2lcc
_cBK
_e3rd ed.
_n0
999 _c2248
_d2248